Datum a čas kvízu
35.5
Celkem bodů
Celkový počet nahraných bodů na tomto kvízu bez doplňovacích otázek.
2.
Pořadí na kvízu
Konečné umístění týmu na tomto kvízu.
Zaznamenané odpovědi
| # | Otázka | Odpověď | Body | Výsledky |
|---|---|---|---|---|
| 1. | Společnost Lidl oznámila, že s... | Na Příkopě | 0 | |
| 2. | V uplynulém týdnu odstartovala... | Donald Trump | 1 | |
| 3. | Jak zní název nového krimináln... | Šéfka | 0 | |
| 4. | V pondělí představila společno... | příchuť vesmíru | 0 | |
| 5. | Jak se jmenuje tenista, který... | Jiří Veselý | 1 | |
| 6. | Začneme z našeho pohledu nejzn... | 38 let (Uznáváme 36–40 let.) | 1 | |
| 7. | Ve Spojených státech se událo... | 1D 2B 3C 4A | 0 | |
| 8. | Fanny Kaplanová byla ruskou po... | B | 1 | |
| 9. | Napište jméno kladenského rodá... | Antonín Čermák, Franklin D. Roosevelt | 1 | |
| 10. | Poslední bod tohoto tématu roz... | Bénazír Bhuttová, Pákistán | 0 |